000 02096nam a2200589Ia 4500
003 GCL
008 140319s9999 xx 000 0 ara d
040 _aGCL /
_cGCL
082 0 4 _a320.03
_bف م
100 1 _aفتحى رضوان
245 1 0 _aموسوعة المجاهد الوطنى الكبير الاستاذ\فتحى رضوان شيخ المعارضة فى مصر /
_cفتحى رضوان
260 _aالقاهرة :
_bمركز الاهرام للتنظيم وتكنولوجيا المعلومات ،
_c0
300 _aمتعدد ؛
_c30 سم
490 _a
650 0 4 _aالانتخابات
650 0 4 _aالاسلام والمجتمع
650 0 4 _aالمسرح
650 0 4 _aالارهاب
650 0 4 _aحقوق الانسان
650 0 4 _aقاسم امين
650 0 4 _aاتفاقيات كامب ديفيد
650 0 4 _aالثقافة
650 0 4 _aالوحدة العربية
650 0 4 _aاحمد شوقى
650 0 4 _aالصحافة
650 0 4 _aالثورة المصرية 1952
650 0 4 _aالسد العالى
650 0 4 _aالاعتداء الثلاثى على مصر 1956
650 0 4 _aمحمد فريد
650 0 4 _aالعلمانية
650 0 4 _aمجلس الامن
650 0 4 _aمصطفى كامل
650 0 4 _aالصراع العربى الاسرائيلى
650 0 4 _aمصر - تاريخ
650 0 4 _aالرجال - تراجم
650 0 4 _aكوبا
650 0 4 _aيوسف وهبى
650 0 4 _aاحمد ماهر
650 0 4 _aحرب اكتوبر 1973
650 0 4 _aبريطانيا - تاريخ
650 0 4 _aالانتخابات - مصر
650 0 4 _aجادالحق على جادالحق
650 0 4 _aاحمد بهاءالدين
650 0 4 _aمصر - الاحزاب السياسية
650 0 4 _aالنساء - تراجم
650 0 4 _aمصر - العلاقات الخارجية
650 0 4 _aالجماعات الدينية
650 0 4 _aفتحى رضوان
650 0 4 _aاسلحة الدمار الشامل
650 0 4 _aالدستور المصرى
942 _2ddc
_cBK
999 _c51632
_d51632